<?xml version="1.0" encoding="UTF-8"?>
<record
    xmlns:xsi="http://www.w3.org/2001/XMLSchema-instance"
    xsi:schemaLocation="http://www.loc.gov/MARC21/slim http://www.loc.gov/standards/marcxml/schema/MARC21slim.xsd"
    xmlns="http://www.loc.gov/MARC21/slim">

  <leader>01577nam a22003377a 4500</leader>
  <controlfield tag="005">20090627140843.0</controlfield>
  <controlfield tag="008">090627t        xxu||||| |||| 00| 0 eng d</controlfield>
  <datafield tag="010" ind1=" " ind2=" ">
    <subfield code="a">ENG-94265-67</subfield>
  </datafield>
  <datafield tag="020" ind1=" " ind2=" ">
    <subfield code="a">8183242898 (series) </subfield>
    <subfield code="c">3200.00(set of 3 pt.) </subfield>
  </datafield>
  <datafield tag="020" ind1=" " ind2=" ">
    <subfield code="a">8183243169 (pt.I) </subfield>
    <subfield code="c">3200.00(set of 3 pt.) </subfield>
  </datafield>
  <datafield tag="020" ind1=" " ind2=" ">
    <subfield code="a">8183243177 (pt.II) </subfield>
    <subfield code="c">3200.00(set of 3 pt.) </subfield>
  </datafield>
  <datafield tag="020" ind1=" " ind2=" ">
    <subfield code="a">8183243185 (pt. III) </subfield>
    <subfield code="c">3200.00(set of 3 pt.) </subfield>
  </datafield>
  <datafield tag="035" ind1=" " ind2=" ">
    <subfield code="a">EN-77798-800</subfield>
  </datafield>
  <datafield tag="037" ind1=" " ind2=" ">
    <subfield code="b">DBAD / PUB</subfield>
  </datafield>
  <datafield tag="040" ind1=" " ind2=" ">
    <subfield code="a">dpl</subfield>
    <subfield code="b">English </subfield>
  </datafield>
  <datafield tag="082" ind1=" " ind2=" ">
    <subfield code="a">332</subfield>
  </datafield>
  <datafield tag="100" ind1=" " ind2=" ">
    <subfield code="a">Rais Ahmad </subfield>
  </datafield>
  <datafield tag="245" ind1=" " ind2=" ">
    <subfield code="a">Micro-finance and women empowerment /</subfield>
    <subfield code="c">by Rais Ahmad </subfield>
  </datafield>
  <datafield tag="260" ind1=" " ind2=" ">
    <subfield code="a">New Delhi </subfield>
    <subfield code="b">Mittal Publications</subfield>
    <subfield code="c">2009</subfield>
  </datafield>
  <datafield tag="270" ind1=" " ind2=" ">
    <subfield code="a">4594/9, Daryaganj, </subfield>
    <subfield code="b">New Delhi </subfield>
    <subfield code="e">110002</subfield>
  </datafield>
  <datafield tag="300" ind1=" " ind2=" ">
    <subfield code="a">3pt. (lviii, 382p.; lviii, 383-715p.; lviii, 384-1227p.)</subfield>
    <subfield code="c">23cm(Hb) </subfield>
  </datafield>
  <datafield tag="500" ind1=" " ind2=" ">
    <subfield code="a">This book is published in 3 pts. and set price is 3200.00</subfield>
  </datafield>
  <datafield tag="500" ind1=" " ind2=" ">
    <subfield code="a">Includes index</subfield>
  </datafield>
  <datafield tag="650" ind1=" " ind2=" ">
    <subfield code="a">Microfinance</subfield>
    <subfield code="z">India</subfield>
  </datafield>
  <datafield tag="650" ind1=" " ind2=" ">
    <subfield code="a">Self-help groups</subfield>
    <subfield code="z">India</subfield>
  </datafield>
  <datafield tag="650" ind1=" " ind2=" ">
    <subfield code="a">Women in development</subfield>
    <subfield code="z">India</subfield>
  </datafield>
  <datafield tag="942" ind1=" " ind2=" ">
    <subfield code="2">ddc</subfield>
    <subfield code="c">EN</subfield>
    <subfield code="m">RAI</subfield>
    <subfield code="h">332</subfield>
  </datafield>
  <datafield tag="999" ind1=" " ind2=" ">
    <subfield code="c">27938</subfield>
    <subfield code="d">27938</subfield>
  </datafield>
  <datafield tag="952" ind1=" " ind2=" ">
    <subfield code="0">0</subfield>
    <subfield code="1">0</subfield>
    <subfield code="2">ddc</subfield>
    <subfield code="3">v.1</subfield>
    <subfield code="4">0</subfield>
    <subfield code="7">1</subfield>
    <subfield code="8">NFIC</subfield>
    <subfield code="a">DBAD</subfield>
    <subfield code="b">DBAD</subfield>
    <subfield code="d">2009-06-27</subfield>
    <subfield code="e">DBAD /  PUB</subfield>
    <subfield code="g">3200.00</subfield>
    <subfield code="l">0</subfield>
    <subfield code="o">332 RAI</subfield>
    <subfield code="p">EN-77798</subfield>
    <subfield code="r">2009-06-27 00:00:00</subfield>
    <subfield code="t">1</subfield>
    <subfield code="v">3200.00</subfield>
    <subfield code="w">2009-06-27</subfield>
    <subfield code="y">EN</subfield>
    <subfield code="z">v.1</subfield>
  </datafield>
  <datafield tag="952" ind1=" " ind2=" ">
    <subfield code="0">0</subfield>
    <subfield code="1">0</subfield>
    <subfield code="2">ddc</subfield>
    <subfield code="3">v.2</subfield>
    <subfield code="4">0</subfield>
    <subfield code="7">1</subfield>
    <subfield code="8">NFIC</subfield>
    <subfield code="a">DBAD</subfield>
    <subfield code="b">DBAD</subfield>
    <subfield code="d">2009-06-27</subfield>
    <subfield code="e">DBAD /  PUB</subfield>
    <subfield code="g">3200.00</subfield>
    <subfield code="l">0</subfield>
    <subfield code="o">332 RAI</subfield>
    <subfield code="p">EN-77799</subfield>
    <subfield code="r">2009-06-27 00:00:00</subfield>
    <subfield code="t">1</subfield>
    <subfield code="v">3200.00</subfield>
    <subfield code="w">2009-06-27</subfield>
    <subfield code="y">EN</subfield>
    <subfield code="z">v.2</subfield>
  </datafield>
  <datafield tag="952" ind1=" " ind2=" ">
    <subfield code="0">0</subfield>
    <subfield code="1">0</subfield>
    <subfield code="2">ddc</subfield>
    <subfield code="3">v.3</subfield>
    <subfield code="4">0</subfield>
    <subfield code="7">1</subfield>
    <subfield code="8">NFIC</subfield>
    <subfield code="a">DBAD</subfield>
    <subfield code="b">DBAD</subfield>
    <subfield code="d">2009-06-27</subfield>
    <subfield code="e">DBAD /  PUB</subfield>
    <subfield code="g">3200.00</subfield>
    <subfield code="l">0</subfield>
    <subfield code="o">332 RAI</subfield>
    <subfield code="p">EN-77800</subfield>
    <subfield code="r">2009-06-27 00:00:00</subfield>
    <subfield code="t">1</subfield>
    <subfield code="v">3200.00</subfield>
    <subfield code="w">2009-06-27</subfield>
    <subfield code="y">EN</subfield>
    <subfield code="z">v.3</subfield>
  </datafield>
</record>
